00257nam a2200109Ia 4500008004100000100001500041245004200056260001200098260001900110260000900129300000900138090707b ii f a fnsan d aJeet Singh aSamkali Punjabi Galp:bVibhin Sarokar aPatiala bGracious Books c2017 a128p